|
|
|
|
| LEADER |
00000nab a22000005a 4500 |
| 001 |
AR-BbUGT9012 |
| 003 |
AR-BbUGT |
| 005 |
20190312125123.0 |
| 007 |
ta |
| 008 |
081001s1987||||ag |||p |||| 0|||||spa d |
| 999 |
|
|
|c 14529
|d 14529
|
| 040 |
|
|
|a AR-BbUGT
|c AR-BbUGT
|
| 100 |
1 |
|
|a Raczynski, Dagmar y Otros
|
| 245 |
1 |
0 |
|a Dwacentralización y gobierno local :
|b Situación de algunos municipios en Santiago
|
| 653 |
|
|
|a Chile
|
| 653 |
|
|
|a Gestión Municipal
|
| 653 |
|
|
|a Planeamiento Local
|
| 773 |
0 |
|
|o R4125.44
|g Vol. 14, no. 41 (1987), p. 14-28
|t EURE (Santiago. Impresa)
|x 0250-7161
|w AR-BbUGT7085
|
| 942 |
|
|
|2 ddc
|c ARTPP
|